Mediacin̤ familiar Prevencin̤ y alternativa al litigio en los conflictos familiares

Detalles Bibliográficos
Autor principal: Garca̕ Garca̕, Luca̕
Formato: eBook
Lenguaje:español
Publicado: Madrid : Dykinson, 2003
Materias:
Acceso en línea:http://www.vlex.com/source/7026

MARC

LEADER 00000nam a22000007a 4500
005 20130222092700.0
007 cr|||| ||||
008 130222t2003 sp |||||s|||| 00| 0 spa d
020 |a 978-84-9031-179-0 
035 |a 7026 
040 |a vLex 
090 |c 3714  |d 3714 
100 1 0 |a Garca̕ Garca̕, Luca̕ 
245 1 0 |a Mediacin̤ familiar  |b Prevencin̤ y alternativa al litigio en los conflictos familiares  |h [Recurso electrn̤ico] 
256 |a Servicio en ln̕ea 
260 |a Madrid :  |b Dykinson,   |c 2003 
300 |a 1 Recurso electrn̤ico 
650 0 4 |a Mediacin̤ 
650 0 4 |a Procedimiento civil 
740 |a vLex Libros (Servicio en ln̕ea) 
856 |a Acceso restringido  |u http://www.vlex.com/source/7026 
942 |c BOOK 
999 0 |a Husband and wife